[Event "Titled Tuesday intern op 05th Sep Early"]
[Site "Chess.com INT"]
[Date "2023.09.05"]
[Round "2"]
[White "Tsotsonava, Elene"]
[Black "Samunenkov, Igor"]
[Result "0-1"]
[WhiteElo "1966"]
[BlackElo "2517"]
[PlyCount "70"]
[EventDate "2023.09.05"]
[EventType "swiss (blitz)"]
[EventRounds "11"]
[EventCountry "USA"]
[SourceTitle "EXT 2024"]
[Source "ChessBase"]
[SourceDate "2023.10.10"]
[SourceVersion "1"]
[SourceVersionDate "2023.10.10"]
[SourceQuality "1"]

1. Nf3 d5 2. g3 c5 3. Bg2 Nc6 4. c4 d4 5. d3 e5 6. 0-0 Nf6 7. Na3 Be7 8. Nc2 0-0 9. Rb1 h6 10. a3 a5 11. e3 dxe3 12. fxe3 e4 13. dxe4 Qxd1 14. Rxd1 Nxe4 15. Nd2 Bg4 16. Re1 Nd6 17. e4 Ne5 18. Ne3 Nd3 19. Nxg4 Nxe1 20. e5 Nf5 21. Bxb7 Rab8 22. Bd5 Nd3 23. b3 Nxc1 24. Rxc1 Bg5 25. Rd1 h5 26. Ne4 Be7 27. Ngf2 Rxb3 28. a4 Ne3 29. Re1 Rd8 30. Bc6 Nxc4 31. e6 Ne5 32. exf7+ Kf8 33. Be8 Nf3+ 34. Kf1 Nxe1 35. Kxe1 Rxe8 0-1

[Event "Wch U18 Girls blitz"]
[Site "Batumi"]
[Date "2023.06.11"]
[Round "9"]
[White "Nguyen, Hong Nhung"]
[Black "Tsotsonava, Elene"]
[Result "1-0"]
[WhiteElo "1996"]
[BlackElo "1881"]
[PlyCount "89"]
[EventDate "2023.06.10"]
[EventType "swiss (blitz)"]
[EventRounds "11"]
[EventCountry "GEO"]
[SourceTitle "EXT 2024"]
[Source "ChessBase"]
[SourceDate "2023.10.10"]
[SourceVersion "1"]
[SourceVersionDate "2023.10.10"]
[SourceQuality "1"]
[WhiteTeam "Vietnam"]
[BlackTeam "Georgia"]
[WhiteTeamCountry "VIE"]
[BlackTeamCountry "GEO"]

1. e4 c5 2. Nc3 e6 3. f4 Nc6 4. Nf3 d5 5. Bb5 Nf6 6. Bxc6+ bxc6 7. e5 Ng8 8. d3 h5 9. b3 Nh6 10. Na4 Nf5 11. Ba3 c4 12. Bxf8 Kxf8 13. dxc4 Ba6 14. Qd2 dxc4 15. Qb4+ Qe7 16. Nc5 Ne3 17. Rc1 Nd5 18. Qa3 Kg8 19. b4 Bb5 20. g3 h4 21. Kf2 a5 22. c3 Kh7 23. Qb2 axb4 24. cxb4 c3 25. Qc2+ g6 26. a4 Nxb4 27. Qxc3 Na2 28. Qc2 Nxc1 29. Rxc1 Ba6 30. Nxh4 Rhd8 31. Nf3 Rd5 32. Ng5+ Kg7 33. Nge4 Bc8 34. Nf6 Rxc5 35. Qxc5 Qxc5+ 36. Rxc5 Rxa4 37. Rxc6 Ba6 38. Rc2 Bd3 39. Rb2 Bc4 40. Kf3 Ra3+ 41. Kg4 Bb3 42. Ne8+ Kf8 43. Nd6 Bd1+ 44. Kg5 Kg7 45. Rb7 1-0

[Event "Wch U18 Girls blitz"]
[Site "Batumi"]
[Date "2023.06.11"]
[Round "11"]
[White "Tsotsonava, Elene"]
[Black "Lomaia, Diana"]
[Result "1-0"]
[WhiteElo "1881"]
[BlackElo "1957"]
[PlyCount "85"]
[EventDate "2023.06.10"]
[EventType "swiss (blitz)"]
[EventRounds "11"]
[EventCountry "GEO"]
[SourceTitle "EXT 2024"]
[Source "ChessBase"]
[SourceDate "2023.10.10"]
[SourceVersion "1"]
[SourceVersionDate "2023.10.10"]
[SourceQuality "1"]
[WhiteTeam "Georgia"]
[BlackTeam "Georgia"]
[WhiteTeamCountry "GEO"]
[BlackTeamCountry "GEO"]

1. e4 c5 2. Nf3 e6 3. g3 Nc6 4. Bg2 Nf6 5. d3 d5 6. e5 Nd7 7. Qe2 Qc7 8. Bf4 Be7 9. h4 b5 10. a4 b4 11. Nbd2 a5 12. c4 bxc3 13. bxc3 Ba6 14. 0-0 Nb6 15. Rfe1 Rc8 16. c4 Nb4 17. Rec1 dxc4 18. dxc4 Rd8 19. Ne4 Nc8 20. Nf6+ gxf6 21. exf6 Bd6 22. Bh6 Rg8 23. Ng5 Be5 24. Re1 Rxg5 25. hxg5 Bxa1 26. Bh3 Rd6 27. Rxa1 Qd7 28. Re1 Nd3 29. Rb1 Bxc4 30. Qh5 Ne5 31. g6 Nxg6 32. Be3 Kd8 33. Qxh7 Rd1+ 34. Rxd1 Qxd1+ 35. Kh2 Nd6 36. Bxc5 Kc7 37. Bxd6+ Kxd6 38. Qxf7 Ne5 39. Qe7+ Kc6 40. Bg2+ Bd5 41. Qxe6+ Kc5 42. Qxe5 Kb4 43. Qxd5 1-0

[Event "Wch U18 Girls blitz"]
[Site "Batumi"]
[Date "2023.06.10"]
[Round "6"]
[White "Dvoeglazova, Daria"]
[Black "Tsotsonava, Elene"]
[Result "0-1"]
[WhiteElo "1500"]
[BlackElo "1881"]
[PlyCount "144"]
[EventDate "2023.06.10"]
[EventType "swiss (blitz)"]
[EventRounds "11"]
[EventCountry "GEO"]
[SourceTitle "EXT 2024"]
[Source "ChessBase"]
[SourceDate "2023.10.10"]
[SourceVersion "1"]
[SourceVersionDate "2023.10.10"]
[SourceQuality "1"]
[WhiteTeam "Israel"]
[BlackTeam "Georgia"]
[WhiteTeamCountry "ISR"]
[BlackTeamCountry "GEO"]

1. b3 d5 2. Bb2 Nf6 3. e3 Bf5 4. Nf3 e6 5. c4 c6 6. Nc3 h6 7. Be2 Bd6 8. 0-0 0-0 9. d3 Nbd7 10. Qc2 e5 11. e4 Be6 12. cxd5 cxd5 13. exd5 Nxd5 14. Ne4 Rc8 15. Qd1 Bb8 16. d4 f5 17. Ng3 e4 18. Ne5 Nxe5 19. dxe5 Qe7 20. Bc4 Nf4 21. Ne2 Nxe2+ 22. Bxe2 Rfd8 23. Qe1 Rc2 24. Bc3 Qc5 25. Rc1 Rxc1 26. Qxc1 Bxe5 27. Bxe5 Qxe5 28. Bc4 Kh7 29. Bxe6 Qxe6 30. Qa3 a6 31. h3 Rd2 32. Qa4 Qd6 33. Qa5 Qd5 34. Qxd5 Rxd5 35. Rc1 Rd2 36. Rc7 b5 37. a4 bxa4 38. bxa4 Rd4 39. Rc5 Rxa4 40. Rxf5 Kg6 41. Rc5 Ra2 42. Re5 Ra4 43. Kf1 Kf6 44. Rc5 Ra2 45. Rc4 Ke5 46. Rc7 g6 47. Rc6 Kf5 48. Rc5+ Kf6 49. Rc6+ Kf5 50. Rc5+ Ke6 51. Rc6+ Kd5 52. Rxg6 a5 53. Rxh6 a4 54. Ra6 a3 55. h4 Ra1+ 56. Ke2 Kd4 57. Rd6+ Kc5 58. Ra6 Kb5 59. Ra8 Kb4 60. Rb8+ Kc3 61. Rc8+ Kb2 62. h5 Rh1 63. g4 a2 64. Rb8+ Kc3 65. Rc8+ Kd4 66. Rd8+ Ke5 67. Re8+ Kf4 68. Rf8+ Kxg4 69. Rg8+ Kf5 70. Rf8+ Ke6 71. Re8+ Kf7 72. Ra8 a1Q 0-1

[Event "Wch U18 Girls blitz"]
[Site "Batumi"]
[Date "2023.06.10"]
[Round "2"]
[White "Tsotsonava, Elene"]
[Black "Mihelic, Vesna"]
[Result "1-0"]
[WhiteElo "1881"]
[BlackElo "1905"]
[PlyCount "59"]
[EventDate "2023.06.10"]
[EventType "swiss (blitz)"]
[EventRounds "11"]
[EventCountry "GEO"]
[SourceTitle "EXT 2024"]
[Source "ChessBase"]
[SourceDate "2023.10.10"]
[SourceVersion "1"]
[SourceVersionDate "2023.10.10"]
[SourceQuality "1"]
[WhiteTeam "Georgia"]
[BlackTeam "Slovenia"]
[WhiteTeamCountry "GEO"]
[BlackTeamCountry "SLO"]

1. e4 e5 2. Nf3 Nc6 3. Nc3 Nf6 4. Bb5 Bb4 5. 0-0 0-0 6. Bxc6 dxc6 7. d3 Qd6 8. h3 Bxc3 9. bxc3 b6 10. Nh2 Rd8 11. Qe1 Nh5 12. Be3 Qg6 13. Kh1 f5 14. exf5 Bxf5 15. g4 Bxd3 16. gxh5 Qxh5 17. cxd3 Qxh3 18. Qe2 Qf5 19. Rad1 h5 20. Qf3 Rf8 21. Qxf5 Rxf5 22. Rg1 Rd8 23. Rg6 e4 24. d4 c5 25. Rdg1 Rd7 26. R1g5 Rxg5 27. Rxg5 cxd4 28. cxd4 Kf7 29. Rxh5 c6 30. Ng4 1-0

[Event "Wch U18 Girls rapid"]
[Site "Batumi"]
[Date "2023.06.08"]
[Round "10"]
[White "Tsotsonava, Elene"]
[Black "Primbetova, Raikhan"]
[Result "1-0"]
[WhiteElo "2053"]
[BlackElo "1230"]
[PlyCount "49"]
[EventDate "2023.06.06"]
[EventType "swiss (rapid)"]
[EventRounds "11"]
[EventCountry "GEO"]
[SourceTitle "CBM 214 Extra"]
[Source "ChessBase"]
[SourceDate "2023.07.31"]
[SourceVersion "1"]
[SourceVersionDate "2023.07.31"]
[SourceQuality "1"]

1. e4 c5 2. Nf3 d6 3. Bb5+ Nc6 4. 0-0 Nf6 5. Re1 e6 6. e5 Nd5 7. d4 cxd4 8. Nxd4 Bd7 9. c4 Nb6 10. Bxc6 Bxc6 11. Nxc6 bxc6 12. exd6 Bxd6 13. b3 Qc7 14. Bb2 0-0-0 15. Qh5 g6 16. Qf3 Rhe8 17. g3 h5 18. Nc3 h4 19. Ne4 Be7 20. Qxf7 hxg3 21. hxg3 e5 22. Qe6+ Kb8 23. Bxe5 Bd6 24. Bxd6 Rxd6 25. Qxd6 1-0

[Event "Wch U18 Girls rapid"]
[Site "Batumi"]
[Date "2023.06.07"]
[Round "7"]
[White "Blokhin, Sofia"]
[Black "Tsotsonava, Elene"]
[Result "1/2-1/2"]
[WhiteElo "2062"]
[BlackElo "2053"]
[PlyCount "93"]
[EventDate "2023.06.06"]
[EventType "swiss (rapid)"]
[EventRounds "11"]
[EventCountry "GEO"]
[SourceTitle "CBM 214 Extra"]
[Source "ChessBase"]
[SourceDate "2023.07.31"]
[SourceVersion "1"]
[SourceVersionDate "2023.07.31"]
[SourceQuality "1"]

1. e4 c5 2. Nf3 Nc6 3. d4 cxd4 4. Nxd4 Nf6 5. Nc3 e5 6. Ndb5 d6 7. Nd5 Nxd5 8. exd5 Nb8 9. c4 Be7 10. Bd3 a6 11. Nc3 0-0 12. 0-0 f5 13. f3 Nd7 14. Be3 Bg5 15. Bf2 Qf6 16. Qc2 Nc5 17. Be2 a5 18. a3 a4 19. Bxc5 dxc5 20. Nxa4 Be3+ 21. Kh1 Qh4 22. g3 Qh3 23. Nb6 Ra6 24. Nxc8 Rxc8 25. Bd3 Rf8 26. Qg2 Qxg2+ 27. Kxg2 Bd4 28. Rab1 Ra4 29. Bc2 Ra6 30. a4 Rb6 31. b3 g6 32. h4 Kg7 33. Rbe1 Rf7 34. Re2 Kf8 35. Rh1 h5 36. Rf1 Kg7 37. g4 fxg4 38. fxg4 Rxf1 39. Kxf1 hxg4 40. Kg2 Rf6 41. Kg3 Rf4 42. Be4 b6 43. Bc2 Kf6 44. Be4 Kg7 45. Bc2 Kf6 46. Be4 Kg7 47. Bc2 1/2-1/2

[Event "Wch U18 Girls rapid"]
[Site "Batumi"]
[Date "2023.06.06"]
[Round "2"]
[White "Tsotsonava, Elene"]
[Black "Omonova, Umida"]
[Result "0-1"]
[WhiteElo "2053"]
[BlackElo "2147"]
[PlyCount "174"]
[EventDate "2023.06.06"]
[EventType "swiss (rapid)"]
[EventRounds "11"]
[EventCountry "GEO"]
[SourceTitle "CBM 214 Extra"]
[Source "ChessBase"]
[SourceDate "2023.07.31"]
[SourceVersion "1"]
[SourceVersionDate "2023.07.31"]
[SourceQuality "1"]

1. e4 c5 2. Nf3 Nc6 3. Bb5 g6 4. 0-0 Bg7 5. Re1 Nf6 6. e5 Nd5 7. Nc3 Nc7 8. Bxc6 dxc6 9. h3 Ne6 10. d3 0-0 11. a4 a5 12. Ne4 f5 13. Neg5 h6 14. Nxe6 Bxe6 15. Ra3 Qc7 16. d4 Rad8 17. Rd3 c4 18. Rd2 b5 19. axb5 Bd5 20. bxc6 Qxc6 21. b3 cxb3 22. cxb3 Rb8 23. Rd3 Qb7 24. Qd2 Qa6 25. Ba3 Rfe8 26. Rc1 Rb7 27. Rc5 Bxb3 28. Rxa5 Qc6 29. d5 Qc4 30. Rc5 Qa4 31. Qa5 Qe4 32. Re3 Qb1+ 33. Re1 Qa2 34. Bb4 Qxa5 35. Bxa5 Rd7 36. Rb5 Bxd5 37. e6 Rd6 38. Bb4 Rdd8 39. Ba5 Bc6 40. Rc5 Rc8 41. Rec1 Bb7 42. Bc7 Ra8 43. Ne5 g5 44. Rb5 Ba6 45. Rb6 Rec8 46. Rbc6 Bb7 47. R6c5 Ra6 48. Rb5 Rxc7 49. Rxc7 Ra1+ 50. Rc1 Rxc1+ 51. Kh2 Bxe5+ 52. Rxe5 Bc8 53. Rxf5 Bxe6 54. Re5 Kf7 55. Kg3 Rc3+ 56. f3 Rc4 57. Ra5 Kf6 58. Ra6 Rd4 59. Ra8 Bc4 60. Rh8 Kg7 61. Re8 Rd7 62. h4 gxh4+ 63. Kxh4 Bf7 64. Rb8 e5 65. Rb6 Rd2 66. Kg3 Bg6 67. Re6 Re2 68. Ra6 e4 69. Ra7+ Bf7 70. fxe4 Rxe4 71. Kf3 Re6 72. Kf4 Kg6 73. Ra5 Be8 74. Rc5 Bc6 75. Kg3 Bb7 76. Rc7 Re3+ 77. Kf2 Rb3 78. Rc2 h5 79. Kg1 Be4 80. Re2 Kf5 81. Kh2 Rc3 82. Re1 Rc2 83. Rg1 Kg4 84. Kh1 h4 85. Re1 Bxg2+ 86. Kg1 Bf3 87. Rf1 Rg2+ 0-1

[Event "Titled Tuesday intern op 02nd May Late"]
[Site "Chess.com INT"]
[Date "2023.05.02"]
[Round "3"]
[White "Liu, Eric"]
[Black "Tsotsonava, Elene"]
[Result "0-1"]
[WhiteElo "2299"]
[BlackElo "2053"]
[PlyCount "96"]
[EventDate "2023.05.02"]
[EventType "swiss (blitz)"]
[EventRounds "11"]
[EventCountry "USA"]
[SourceTitle "EXT 2024"]
[Source "ChessBase"]
[SourceDate "2023.10.10"]
[SourceVersion "1"]
[SourceVersionDate "2023.10.10"]
[SourceQuality "1"]

1. b3 e5 2. Bb2 Nc6 3. e3 Nf6 4. Be2 d5 5. h4 h5 6. Nf3 e4 7. Ng5 Be7 8. d3 Bf5 9. Nd2 Qd7 10. Rc1 Nb4 11. dxe4 Nxe4 12. Ndxe4 dxe4 13. Qxd7+ Bxd7 14. a3 Bxg5 15. hxg5 Nd5 16. Bxg7 Rg8 17. Bf6 Nxf6 18. gxf6 Rxg2 19. Kf1 Rg5 20. Rxh5 Rxh5 21. Bxh5 Bh3+ 22. Ke2 0-0-0 23. Rd1 Rh8 24. Rd5 Rxh5 25. Rd4 Bg4+ 26. Kd2 Bf3 27. Ra4 a6 28. Rd4 Rf5 29. c4 Rxf6 30. Kc3 Rd6 31. c5 Rxd4 32. Kxd4 Kd8 33. Ke5 Ke7 34. b4 c6 35. a4 f6+ 36. Kf5 Kf7 37. a5 Ke7 38. Kg6 Ke6 39. Kg7 Kd5 40. Kxf6 Kc4 41. Ke5 Kxb4 42. Kd6 Kxa5 43. Kc7 Kb5 44. Kxb7 a5 45. Kc7 a4 46. Kd6 a3 47. Ke5 a2 48. Kd4 a1Q# 0-1

[Event "Titled Tuesday intern op 02nd May Late"]
[Site "Chess.com INT"]
[Date "2023.05.02"]
[Round "4"]
[White "Tsotsonava, Elene"]
[Black "Marek, Matyas"]
[Result "1-0"]
[WhiteElo "2053"]
[BlackElo "2330"]
[PlyCount "107"]
[EventDate "2023.05.02"]
[EventType "swiss (blitz)"]
[EventRounds "11"]
[EventCountry "USA"]
[SourceTitle "EXT 2024"]
[Source "ChessBase"]
[SourceDate "2023.10.10"]
[SourceVersion "1"]
[SourceVersionDate "2023.10.10"]
[SourceQuality "1"]

1. d4 Nf6 2. Nf3 g6 3. c4 Bg7 4. g3 0-0 5. Bg2 d6 6. 0-0 Nc6 7. d5 Na5 8. Qa4 c5 9. Bd2 b6 10. Bc3 Bd7 11. Qc2 Bf5 12. Qc1 Rb8 13. Nbd2 a6 14. Re1 b5 15. b3 Ne4 16. Nxe4 Bxe4 17. Bxg7 Kxg7 18. Qc3+ Kg8 19. Nd2 Bxg2 20. Kxg2 Nb7 21. h4 Qa5 22. Qd3 bxc4 23. Nxc4 Qb5 24. h5 Na5 25. Nxa5 Qxa5 26. Rh1 Rb4 27. Qe3 c4 28. bxc4 Rxc4 29. Rad1 Qc3 30. Qxe7 Qe5 31. Qxe5 dxe5 32. Rd2 Rd8 33. hxg6 hxg6 34. Rb1 Rc5 35. e4 Rd6 36. Rb7 Rc4 37. f3 f5 38. exf5 gxf5 39. Re7 e4 40. fxe4 fxe4 41. Kf2 Kf8 42. Re5 Kf7 43. Ke3 Rc3+ 44. Kxe4 Rxg3 45. Rf2+ Kg7 46. Re7+ Kg8 47. Rb2 Rd8 48. d6 Rg4+ 49. Kd5 Rg6 50. d7 Kf8 51. Rbe2 Rg5+ 52. Kc6 Rxd7 53. Rxd7 Ra5 54. Rb2 1-0

[Event "Titled Tuesday intern op 02nd May Late"]
[Site "Chess.com INT"]
[Date "2023.05.02"]
[Round "2"]
[White "Tsotsonava, Elene"]
[Black "Przybylski, Wojciech"]
[Result "1-0"]
[WhiteElo "2053"]
[BlackElo "2321"]
[PlyCount "91"]
[EventDate "2023.05.02"]
[EventType "swiss (blitz)"]
[EventRounds "11"]
[EventCountry "USA"]
[SourceTitle "EXT 2024"]
[Source "ChessBase"]
[SourceDate "2023.10.10"]
[SourceVersion "1"]
[SourceVersionDate "2023.10.10"]
[SourceQuality "1"]

1. d4 Nf6 2. Nf3 e6 3. c4 b6 4. a3 Ba6 5. Qc2 Bb7 6. Nc3 d5 7. cxd5 exd5 8. Bg5 Bd6 9. e3 0-0 10. Bd3 h6 11. Bh4 a6 12. 0-0 Nbd7 13. b4 Re8 14. Rac1 Rc8 15. Bf5 c5 16. Bxf6 Nxf6 17. Bxc8 Qxc8 18. bxc5 bxc5 19. dxc5 Qxc5 20. a4 Rc8 21. Qb2 Qa7 22. Nd4 Be5 23. Nce2 Re8 24. a5 Ba8 25. Qb6 Qd7 26. Qxa6 Ne4 27. Qb5 Qe7 28. Nf5 Qf8 29. Neg3 Nc3 30. Qd3 Qb4 31. a6 Ne4 32. Nxe4 dxe4 33. Qd7 Rf8 34. Rc8 g6 35. Nxh6+ Kg7 36. Rxf8 Qxf8 37. Ng4 Bd6 38. Rd1 Bc5 39. Qd8 f5 40. Qxf8+ Kxf8 41. Rd8+ Ke7 42. Rxa8 fxg4 43. a7 Kf7 44. Rf8+ Kxf8 45. a8Q+ Kf7 46. Qd5+ 1-0

[Event "Titled Tuesday intern op 11th Apr Late"]
[Site "Chess.com INT"]
[Date "2023.04.11"]
[Round "2"]
[White "Sztokbant, Bernardo Vainzoff"]
[Black "Tsotsonava, Elene"]
[Result "1-0"]
[WhiteElo "2213"]
[BlackElo "2053"]
[PlyCount "81"]
[EventDate "2023.04.11"]
[EventType "swiss (blitz)"]
[EventRounds "11"]
[EventCountry "USA"]
[SourceTitle "CBM 213 Extra"]
[Source "ChessBase"]
[SourceDate "2023.05.31"]
[SourceVersion "1"]
[SourceVersionDate "2023.05.31"]
[SourceQuality "1"]

1. e4 c5 2. Nf3 Nc6 3. Nc3 e6 4. d4 cxd4 5. Nxd4 Qc7 6. Be3 a6 7. Qd2 Nf6 8. f3 Be7 9. 0-0-0 b5 10. Kb1 Bb7 11. g4 Nxd4 12. Qxd4 Rc8 13. a3 d5 14. g5 e5 15. Qb6 Qxb6 16. Bxb6 Nd7 17. Ba5 d4 18. Ne2 Bd8 19. Bd2 Nc5 20. Nc1 0-0 21. h4 f5 22. gxf6 Rxf6 23. Be2 Be7 24. Bg5 Rf7 25. Bxe7 Rxe7 26. Nd3 Nxd3 27. Bxd3 Rf7 28. Be2 Rc6 29. Rdg1 Rcf6 30. Rg5 Re7 31. Rhg1 Kf8 32. Kc1 h6 33. R5g3 Rf4 34. h5 Bc6 35. Rg6 Be8 36. Rxa6 Bxh5 37. Bxb5 Bxf3 38. Ra8+ Kf7 39. Bc4+ Kf6 40. Rf8+ Rf7 41. Rxf7# 1-0

[Event "Titled Tuesday intern op 04th Apr Early"]
[Site "Chess.com INT"]
[Date "2023.04.04"]
[Round "7"]
[White "Bayo Milagro, Alvaro"]
[Black "Tsotsonava, Elene"]
[Result "1-0"]
[WhiteElo "2287"]
[BlackElo "2053"]
[PlyCount "69"]
[EventDate "2023.04.04"]
[EventType "swiss (blitz)"]
[EventRounds "11"]
[EventCountry "USA"]
[SourceTitle "EXT 2024"]
[Source "ChessBase"]
[SourceDate "2023.10.10"]
[SourceVersion "1"]
[SourceVersionDate "2023.10.10"]
[SourceQuality "1"]

1. Nf3 d5 2. c4 d4 3. b4 f6 4. d3 e5 5. a3 a5 6. b5 c6 7. bxc6 Nxc6 8. g3 Bc5 9. Bg2 Nge7 10. 0-0 0-0 11. Nbd2 a4 12. Rb1 Kh8 13. Ne4 Ba7 14. Qxa4 f5 15. Ned2 e4 16. dxe4 d3 17. Qd1 fxe4 18. Nxe4 dxe2 19. Qxe2 Nf5 20. Bb2 Nfd4 21. Nxd4 Nxd4 22. Bxd4 Qxd4 23. Rbd1 Qe5 24. Rd5 Qe7 25. c5 Be6 26. Re5 Bb8 27. Nd6 Rxa3 28. Rxe6 Qd7 29. Re7 Qa4 30. Nf7+ Kg8 31. Qe6 Qb3 32. Bd5 Ra6 33. Nh6+ Kh8 34. Qg8+ Rxg8 35. Nf7# 1-0

[Event "Titled Tuesday intern op 04th Apr Early"]
[Site "Chess.com INT"]
[Date "2023.04.04"]
[Round "10"]
[White "Juknis, Paulius"]
[Black "Tsotsonava, Elene"]
[Result "1/2-1/2"]
[WhiteElo "2118"]
[BlackElo "2053"]
[PlyCount "108"]
[EventDate "2023.04.04"]
[EventType "swiss (blitz)"]
[EventRounds "11"]
[EventCountry "USA"]
[SourceTitle "EXT 2024"]
[Source "ChessBase"]
[SourceDate "2023.10.10"]
[SourceVersion "1"]
[SourceVersionDate "2023.10.10"]
[SourceQuality "1"]

1. e4 c5 2. Nc3 e6 3. Nge2 Nc6 4. g3 a6 5. Bg2 d6 6. 0-0 Bd7 7. h3 Qc7 8. f4 b5 9. d3 Nd4 10. Be3 b4 11. Nb1 Nxe2+ 12. Qxe2 g6 13. Nd2 Bg7 14. Rab1 Ne7 15. g4 Rb8 16. f5 gxf5 17. exf5 exf5 18. Bg5 Bd4+ 19. Kh1 f6 20. Bh4 h5 21. g5 Kf8 22. gxf6 Ng6 23. Bg5 Re8 24. Qf3 Ne5 25. Qg3 Bc6 26. Nf3 Nxf3 27. Bxf3 Rg8 28. Bh6+ Kf7 29. Qh4 Qb7 30. Qxh5+ Rg6 31. Bg7 Bxf6 32. Bxf6 Kxf6 33. Qh4+ Kg7 34. Qf4 Rh8 35. Kh2 Bxf3 36. Rxf3 Qd5 37. Qxf5 Qxf5 38. Rxf5 Rf8 39. Rbf1 Rxf5 40. Rxf5 a5 41. h4 a4 42. h5 Rh6 43. Kg3 Re6 44. Kf2 Kh6 45. Rd5 Rf6+ 46. Ke2 Re6+ 47. Kd2 Rf6 48. Ke2 Re6+ 49. Kd2 Rf6 50. a3 Rf2+ 51. Kc1 Rf1+ 52. Kd2 Rf2+ 53. Kd1 Rf1+ 54. Kd2 Rf2+ 1/2-1/2

[Event "EU-ch (Women) 23rd"]
[Site "Petrovac"]
[Date "2023.03.27"]
[Round "9"]
[White "Makka, Ioulia"]
[Black "Tsotsonava, Elene"]
[Result "1/2-1/2"]
[WhiteElo "1949"]
[BlackElo "2030"]
[PlyCount "69"]
[EventDate "2023.03.18"]
[EventType "swiss"]
[EventRounds "11"]
[EventCountry "MNE"]
[SourceTitle "CBM 213 Extra"]
[Source "ChessBase"]
[SourceDate "2023.05.31"]
[SourceVersion "1"]
[SourceVersionDate "2023.05.31"]
[SourceQuality "1"]

1. e4 c5 2. Nc3 e6 3. Nf3 Nc6 4. d4 cxd4 5. Nxd4 Qc7 6. g3 a6 7. Bg2 d6 8. 0-0 Bd7 9. Nxc6 Bxc6 10. a4 Nf6 11. a5 Be7 12. Be3 Nd7 13. Na4 0-0 14. Nb6 Rae8 15. Nxd7 Qxd7 16. c4 f5 17. Qd3 Bf6 18. Rab1 fxe4 19. Bxe4 Bxe4 20. Qxe4 d5 21. Qg4 Qc7 22. cxd5 exd5 23. Bb6 Qc4 24. Qd7 Re7 25. Qd6 Re2 26. Rbc1 Qe4 27. Qd7 d4 28. Rcd1 Rxb2 29. Rxd4 Bxd4 30. Bxd4 Rf7 31. Qd8+ Rf8 32. Qd7 Rf7 33. Qd8+ Rf8 34. Qd7 Rf7 35. Qd8+ 1/2-1/2

[Event "Titled Tuesday intern op 7th Mar Early"]
[Site "Chess.com INT"]
[Date "2023.03.07"]
[Round "3"]
[White "Boyer, Mahel"]
[Black "Tsotsonava, Elene"]
[Result "1-0"]
[WhiteElo "2456"]
[BlackElo "2030"]
[PlyCount "95"]
[EventDate "2023.03.07"]
[EventType "swiss (blitz)"]
[EventRounds "11"]
[EventCountry "USA"]
[SourceTitle "EXT 2024"]
[Source "ChessBase"]
[SourceDate "2023.10.10"]
[SourceVersion "1"]
[SourceVersionDate "2023.10.10"]
[SourceQuality "1"]

1. e4 c5 2. d3 Nc6 3. g3 Nf6 4. Bg2 d5 5. Qe2 e6 6. Nf3 Be7 7. 0-0 0-0 8. e5 Nd7 9. c4 d4 10. h4 Rb8 11. Bf4 b5 12. b3 Qc7 13. Nbd2 bxc4 14. Nxc4 Ba6 15. Rac1 Bxc4 16. dxc4 Rfd8 17. Rfe1 a5 18. Ng5 Bxg5 19. hxg5 g6 20. Qf3 Ne7 21. a4 Nf8 22. Bf1 Qc6 23. Qd3 Qb6 24. Rb1 Nc6 25. Qf3 Nb4 26. Bd3 Qc7 27. Kg2 Rb6 28. Be4 Rdb8 29. Rh1 Nc6 30. g4 Ne7 31. Rh3 Nc6 32. Qg3 Nb4 33. Rbh1 d3 34. Qh2 Nc6 35. Rxh7 Nxh7 36. Qxh7+ Kf8 37. Qh8+ Ke7 38. Qf6+ Kd7 39. Rh7 Ne7 40. Qxf7 Qd8 41. Bxd3 Rxb3 42. Bxg6 Qf8 43. Be3 Qxf7 44. Bxf7 Kc6 45. Bxe6 Ng6 46. Bd5+ Kb6 47. Rh6 Rg8 48. Bxg8 1-0

[Event "Titled Tuesday intern op 7th Mar Early"]
[Site "Chess.com INT"]
[Date "2023.03.07"]
[Round "5"]
[White "Kim, Sergey2222"]
[Black "Tsotsonava, Elene"]
[Result "1-0"]
[WhiteElo "2295"]
[BlackElo "2030"]
[PlyCount "99"]
[EventDate "2023.03.07"]
[EventType "swiss (blitz)"]
[EventRounds "11"]
[EventCountry "USA"]
[SourceTitle "EXT 2024"]
[Source "ChessBase"]
[SourceDate "2023.10.10"]
[SourceVersion "1"]
[SourceVersionDate "2023.10.10"]
[SourceQuality "1"]

1. d4 Nf6 2. c4 b6 3. Nc3 Bb7 4. Nf3 g6 5. g3 Bg7 6. Bg2 0-0 7. d5 c6 8. 0-0 cxd5 9. cxd5 Na6 10. e4 d6 11. Nd4 Rc8 12. Be3 Nc5 13. Rc1 a5 14. a3 Ba6 15. b4 Bxf1 16. Qxf1 axb4 17. axb4 Ncd7 18. Nc6 Qe8 19. Nb5 Ng4 20. Bg5 f6 21. Bd2 Nde5 22. Nbd4 Nxc6 23. dxc6 e5 24. Qc4+ Qf7 25. Nb5 Qxc4 26. Rxc4 f5 27. exf5 gxf5 28. Bd5+ Kh8 29. Be6 Rce8 30. Bd7 Re7 31. Nxd6 e4 32. Bf4 Ne5 33. Bxe5 Bxe5 34. Nb5 Kg7 35. c7 Rxd7 36. c8Q Rxc8 37. Rxc8 Rd1+ 38. Kg2 Rb1 39. Re8 Bf6 40. Nd6 Rxb4 41. Nxf5+ Kg6 42. Nd6 Rb2 43. Nxe4 Bd4 44. Rd8 Be5 45. Rd5 Kf5 46. Nd2 b5 47. Nf3 b4 48. Rxe5+ Kf6 49. Rb5 b3 50. Nd4 1-0

[Event "Titled Tuesday intern op 7th Mar Early"]
[Site "Chess.com INT"]
[Date "2023.03.07"]
[Round "6"]
[White "Tsotsonava, Elene"]
[Black "Manukian, Artak"]
[Result "1/2-1/2"]
[WhiteElo "2030"]
[BlackElo "2196"]
[PlyCount "108"]
[EventDate "2023.03.07"]
[EventType "swiss (blitz)"]
[EventRounds "11"]
[EventCountry "USA"]
[SourceTitle "EXT 2024"]
[Source "ChessBase"]
[SourceDate "2023.10.10"]
[SourceVersion "1"]
[SourceVersionDate "2023.10.10"]
[SourceQuality "1"]

1. b3 Nf6 2. Bb2 g6 3. e3 Bg7 4. f4 0-0 5. Nf3 d5 6. d3 c5 7. Ne5 Nc6 8. Nxc6 bxc6 9. Be5 a5 10. a4 Ba6 11. Nd2 Nd7 12. Bxg7 Kxg7 13. Be2 e5 14. 0-0 exf4 15. exf4 Qe7 16. Bf3 Rae8 17. Re1 Qf6 18. Rxe8 Rxe8 19. g3 h5 20. Nf1 h4 21. Rc1 hxg3 22. hxg3 Qd4+ 23. Kg2 Nf6 24. Qd2 Qb4 25. Kf2 Qb6 26. Kg2 c4 27. dxc4 dxc4 28. bxc4 Bxc4 29. Re1 Rxe1 30. Qxe1 Bxf1+ 31. Kxf1 c5 32. Qc3 Qb4 33. Qxb4 cxb4 34. Ke2 Nd7 35. Bc6 Nc5 36. Ke3 Kf6 37. Kd4 Ne6+ 38. Kc4 g5 39. fxg5+ Kxg5 40. Bf3 f5 41. Bd1 f4 42. gxf4+ Kxf4 43. Kb5 Ke3 44. Kxa5 Kd2 45. Kxb4 Kxd1 46. c4 Kd2 47. a5 Kd3 48. a6 Kd4 49. a7 Nc7 50. Ka5 Kc5 51. Ka4 Kb6 52. c5+ Kxa7 53. Ka5 Kb7 54. c6+ Kxc6 1/2-1/2

[Event "Titled Tuesday intern op 21st Feb Early"]
[Site "Chess.com INT"]
[Date "2023.02.21"]
[Round "7"]
[White "Crocker, Philip J"]
[Black "Tsotsonava, Elene"]
[Result "1-0"]
[WhiteElo "2128"]
[BlackElo "1955"]
[PlyCount "33"]
[EventDate "2023.02.21"]
[EventType "swiss (blitz)"]
[EventRounds "11"]
[EventCountry "USA"]
[SourceTitle "CBM 212 Extra"]
[Source "ChessBase"]
[SourceDate "2023.03.31"]
[SourceVersion "1"]
[SourceVersionDate "2023.03.31"]
[SourceQuality "1"]

1. c4 e5 2. g3 Nf6 3. Bg2 c6 4. d4 e4 5. d5 cxd5 6. cxd5 Qa5+ 7. Nc3 Bb4 8. Bd2 e3 9. fxe3 0-0 10. Nh3 d6 11. 0-0 Nxd5 12. Bxd5 Bxh3 13. Rf4 Nd7 14. a3 Bxc3 15. Bxc3 Qc5 16. Qd4 Be6 17. Qxg7# 1-0